Multiple Choice Fish Trivia - Statistics

General Stats
  • This quiz has been taken 23 times
  • The average score is 4 of 6
Answer Stats
Question Answer % Correct
What do you call a group of fish School
90%
Which of the following is NOT a fish Silverfish
80%
Which of the following is not a part of a fish's body Tongue
80%
Which fish is poisonous Zebra Turkeyfish
70%
Which is not a member of the Redhorse Family Quillback
50%
Which fish is not a member of the Sunfish Family Perch
40%
No matching quizzes found
Score Distribution
Percent of People with Each Score
Percentile by Number Answered
Your Score History
You have not taken this quiz